| 000 | 00953cam a2200265 a 4500 | ||
|---|---|---|---|
| 999 |
_c6791 _d6791 |
||
| 001 | 19556 | ||
| 003 | BD-DhUAP | ||
| 005 | 20210107122228.0 | ||
| 008 | 210105r20152010ii a 000 0 eng | ||
| 020 | _a9780070636583 | ||
| 020 | _a0070636583 | ||
| 035 | _a(OCoLC)ocn244764053 | ||
| 040 |
_aDLC _cDLC _dIG# _dBTCTA _dCDX _dYDXCP _dCTB _dBD-DhUAP _beng |
||
| 082 | 0 | 0 |
_a658.15 BRU _223 |
| 100 | 1 | _aBruner, Robert F. | |
| 245 | 1 | 0 |
_aCase studies in finance : _bmanaging for corporate value creation / _cRobert F. Bruner. |
| 250 | _a5th ed. | ||
| 260 |
_aNew Delhi : _bMcGraw-Hill Education, _cc2007 [Reprinted 2012]. |
||
| 300 |
_axlvii, 785 pages : _billustrations ; _c24 cm. |
||
| 490 | 0 | _aThe McGraw-Hill/Irwin series in finance, insurance and real estate. | |
| 504 | _aIncludes bibliographical references. | ||
| 650 | 0 |
_aCorporations _xFinance _vCase studies. |
|
| 650 | 0 |
_aInternational business enterprises _xFinance _vCase studies. |
|
| 942 |
_2ddc _cBK |
||